ANATOMY & PHYSIOLOGY FOR NURSES (Record no. 2083)
[ view plain ]
| 000 -LEADER | |
|---|---|
| fixed length control field | 00342nam a2200145Ia 4500 |
| 008 - FIXED-LENGTH DATA ELEMENTS--GENERAL INFORMATION | |
| fixed length control field | 150201s2011 xx 000 0 und d |
| 082 ## - DEWEY DECIMAL CLASSIFICATION NUMBER | |
| Classification number | 611 |
| Item number | A11W |
| 100 ## - MAIN ENTRY--PERSONAL NAME | |
| Personal name | WASTSON ,ROGER |
| 245 ## - TITLE STATEMENT | |
| Title | ANATOMY & PHYSIOLOGY FOR NURSES |
| 250 ## - EDITION STATEMENT | |
| Edition statement | 13TH |
| 260 ## - PUBLICATION, DISTRIBUTION, ETC. (IMPRINT) | |
| Name of publisher, distributor, etc. | ELSEVIER |
| Place of publication, distribution, etc. | INDIA |
| Date of publication, distribution, etc. | 2011 |
| 300 ## - PHYSICAL DESCRIPTION | |
| Extent | 367 |
| 650 ## - SUBJECT ADDED ENTRY--TOPICAL TERM | |
| Topical term or geographic name as entry element | ANATOMY |
| 942 ## - ADDED ENTRY ELEMENTS (KOHA) | |
| Source of classification or shelving scheme | Dewey Decimal Classification |
| Koha item type | Books |
| Koha issues (borrowed), all copies | 18 |
| Withdrawn status | Lost status | Source of classification or shelving scheme | Damaged status | Not for loan | Collection code | Home library | Current library | Shelving location | Date acquired | Source of acquisition | Cost, normal purchase price | SGTU | Bill Number | Total Checkouts | Full call number | Barcode | Date last seen | Date last checked out | Bill Date | Koha item type |
|---|---|---|---|---|---|---|---|---|---|---|---|---|---|---|---|---|---|---|---|---|
| Dewey Decimal Classification | NURSING | SGT Medical Library | SGT Medical Library | Text Book | 28/01/2013 | NBM DELHI | 275.00 | SGTU | 1345 | 12 | 611 A11W | FN798 | 11/03/2024 | 05/03/2024 | 28/01/2013 | Books | ||||
| Dewey Decimal Classification | NURSING | SGT Medical Library | SGT Medical Library | Text Book | 28/01/2013 | NBM DELHI | 275.00 | SGTU | 1345 | 10 | 611 A11W | FN799 | 12/01/2026 | 25/12/2025 | 28/01/2013 | Books | ||||
| Dewey Decimal Classification | NURSING | SGT Medical Library | SGT Medical Library | Text Book | 28/01/2013 | NBM DELHI | 275.00 | SGTU | 1345 | 9 | 611 A11W | FN800 | 21/03/2024 | 14/03/2024 | 28/01/2013 | Books |